Zdjęcia satelitarne #6 - Statystyki

Ogólne statystyki
  • Ten quiz został rozwiązany 216 razy
  • Średni wynik to 9 z 16
Statystyki odpowiedzi
Obrazkowy Hint Odpowiedź % Poprawnych
punkt orientacyjny Koloseum
93%
państwo Katar
85%
państwo Bangladesz
78%
zbiornik wodny Morze Adriatyckie
77%
punkt orientacyjny Piramida Cheopsa
67%
miasto Stambuł
67%
państwo Bahamy
63%
państwo Szwajcaria
61%
wyspa Jawa
59%
państwo Singapur
59%
zbiornik wodny Morze {Południowochińskie}
57%
półwysep Indochiński
56%
zbiornik wodny Cieśnina {Beringa}
55%
zbiornik wodny Jezioro {Aralskie}
48%
zbiornik wodny La Plata
14%
delta rzeki Perłowej
7%
Nie znaleziono quizów pasujących do podanych kryteriów
Rozkład punktacji
Procent ludzi z każdym wynikiem
Percentyl według liczby udzielonych odpowiedzi
Twoja historia wyników
Nie rozwiązałeś tego quizu